000
00277nam a2200085Ia 4500
245
0
_a
Karoo keepsakes : a traveller's companion to the heartland of South Africa
100
_a
MARAIS, Chris Cradock, 2009
_9
91608
942
_c
BK
008
210817s9999 xx 000 0 und d
999
_c
371751
_d
371750